Tendencie v ekonomickom vývoji krajín Latinskej Ameriky

Industrializácia Latinskej Ameriky. Inflácia v juhoamerických štátoch. Menová politika Brazílie. Hospodárska aktivita Argentíny. Závislosť krajín Južnej Ameriky na zahraničnom kapitále.

Saved in:
Bibliographic Details
Main Author: Oberhauser, Ján Artur
Format: Book
Language:Slovak
Subjects:
Tags: Add Tag
No Tags, Be the first to tag this record!

MARC

LEADER 00000nam a2200000 4500
001 r030956
005 20230824094430.4
041 0 |a slo 
044 |a SK 
245 1 0 |a Tendencie v ekonomickom vývoji krajín Latinskej Ameriky  |c A.J. Oberhauser 
520 |a Industrializácia Latinskej Ameriky. Inflácia v juhoamerických štátoch. Menová politika Brazílie. Hospodárska aktivita Argentíny. Závislosť krajín Južnej Ameriky na zahraničnom kapitále. 
610 2 0 |a vývoj hospodársky 
610 2 0 |a inflácia 
610 2 0 |a produkt domáci hrubý 
610 2 0 |a makroekonomika 
610 2 0 |a Latinská Amerika 
610 2 0 |a Brazília 
610 2 0 |a Argentína 
610 2 0 |a Čile 
610 2 0 |a Mexiko 
100 1 |a Oberhauser, Ján Artur